| 000 | 00583nam a2200193 a 4500 | ||
|---|---|---|---|
| 005 | 20210223130807.0 | ||
| 008 | 081108s2001 mx r 000 0 spa d | ||
| 020 | _a9687729163 | ||
| 035 | _aUPN01000165602 | ||
| 049 | _aUNE | ||
| 080 | _a304.9 (72) "2001-2006" PRO. | ||
| 245 | 0 | 0 |
_aPrograma nacional de desarrollo social 2001-2006 : _bSuperación de la pobreza; una tarea contigo. |
| 260 |
_aMéxico : _bSEDESOL, _c2001. |
||
| 300 |
_a116 p. ; _bIl., map. |
||
| 690 | _aProgramas de desarrollo | ||
| 690 |
_aProgramas sociales _926380 |
||
| 690 | _aMéxico | ||
| 905 | _aUNESCO | ||
| 999 |
_c137714 _d137714 |
||